నీతి చంద్రిక / (Record no. 23609)
[ view plain ]
| 000 -LEADER | |
|---|---|
| fixed length control field | 00990nam a22002537a 4500 |
| 005 - DATE AND TIME OF LATEST TRANSACTION | |
| control field | 20090213105347.0 |
| 008 - FIXED-LENGTH DATA ELEMENTS--GENERAL INFORMATION | |
| fixed length control field | 090212t xxu||||| |||| 00| 0 eng d |
| 010 ## - LCCN (DPL NO) | |
| LC control number | TEL-4960 |
| 020 ## - INTERNATIONAL STANDARD BOOK NUMBER | |
| Terms of availability | Rs.40.00 |
| 035 ## - SYSTEM CONTROL NUMBER | |
| System control number | TL-3967 |
| 037 ## - SOURCE OF ACQUISITION | |
| Source of stock number/acquisition | DBAD / PUB |
| 040 ## - CATALOGING SOURCE | |
| Original cataloging agency | dpl |
| Language of cataloging | Telugu |
| 082 ## - DEWEY DECIMAL CLASSIFICATION NUMBER | |
| Classification number | 170 |
| 100 ## - MAIN ENTRY--PERSONAL NAME | |
| Personal name | చిన్నయసూరి, పరవస్తు |
| 245 ## - TITLE STATEMENT | |
| Title | నీతి చంద్రిక / |
| Statement of responsibility, etc | పరవస్తు చిన్నయసూరి |
| 246 ## - VARYING FORM OF TITLE | |
| Title proper/short title | Niti chandrika / |
| Remainder of title | Paravastu chinnayasuri |
| 260 ## - PUBLICATION, DISTRIBUTION, ETC. (IMPRINT) | |
| Place of publication, distribution, etc | విజయవాడ |
| Name of publisher, distributor, etc | క్వాలిటీ పబ్లిషర్స్ |
| Date of publication, distribution, etc | 2008 |
| 270 ## - ADDRESS | |
| Address | రామమందిరం వీధి |
| City | విజయవాడ |
| Postal code | 520 002 |
| 300 ## - PHYSICAL DESCRIPTION | |
| Extent | 166 పే. |
| Dimensions | 18 సె.మీ. |
| 650 ## - SUBJECT ADDED ENTRY--TOPICAL TERM | |
| Source of heading or term | నీతులు |
| 650 ## - SUBJECT ADDED ENTRY--TOPICAL TERM | |
| Source of heading or term | Ethics |
| 942 ## - ADDED ENTRY ELEMENTS (KOHA) | |
| Source of classification or shelving scheme | Dewey Decimal Classification |
| Item type | Telugu |
| Classification part | 170 |
| Call number suffix | /CHI |
| Withdrawn status | Lost status | Source of classification or shelving scheme | Damaged status | Not for loan | Home library | Current library | Date acquired | Cost, normal purchase price | Total Checkouts | Full call number | Barcode | Date last seen | Cost, replacement price | Koha item type |
|---|---|---|---|---|---|---|---|---|---|---|---|---|---|---|
| Dewey Decimal Classification | D.B.Act.Division | D.B.Act.Division | 13/02/2009 | 40.00 | 170 /CHI | TL-3967 | 13/02/2009 | 40.00 | Telugu |
